000 01083nam a2200217 a 4500
005 20210223120406.0
008 991125s1960 mx 000 0 spa u
035 _aUPN01000000082
049 _aCG
050 4 _aJL1245 D
_bM4.2 1960
110 1 _aMéxico.
_bPresidente (1958-1964 : López Mateos)
245 1 0 _a50 Años bajo la bandera de la Revolución de 1910.
260 _aMéxico :
_bLa Justicia,
_c1960.
300 _a151 p.
440 0 _aDocumentos para la historia de un gobierno ;
_v47
500 _a"Incluye todos los actos conmemorativos ; los discursos de los representantes de los tres poderes de la Unión ; el prólogo que redactó el señor Presidente para la Enciclopedia de la Revolución ; y otras declaraciones e inauguraciones del propio Jefe del Ejecutivo en Puebla, Pue. y en México, D.F."
500 _a"Con una introducción de Antonio Luna Arroyo que incluye El ideario del Señor Presidente sobre la Revolución Mexicana"
500 _aDisponible en la Colección Medina
651 4 _aMEXICO -
_xPOLITICA Y GOBIERNO -
_y1958-1964
_919585
905 _aLibro
999 _c82
_d82